| 000 | 01734cam a22004214i 4500 | ||
|---|---|---|---|
| 003 | PE-LiUPU | ||
| 005 | 20250731173013.0 | ||
| 008 | 150623s2000 sp r 000 0 spa d | ||
| 035 | _a(Sirsi) a22987 | ||
| 040 |
_aPE-LiUPU _bspa _cPE-LiUPU _erda |
||
| 082 | 0 | 4 |
_a264 _bT79 _221 |
| 100 | 1 |
_aTreiyer, Alberto R., _eautor. |
|
| 245 | 1 | 0 |
_aJubileo y globalización : _bla intención oculta / _cAlberto R. Triyer. |
| 264 | 1 |
_aSanto Domingo, Repúplica Dominicana : _bArteimpresos, Proyecciones Bíblicas, _c2000. |
|
| 300 |
_a240 páginas ; _c23 centímetros. |
||
| 336 |
_atext _2rdacontent |
||
| 337 |
_aunmediated _2rdamedia |
||
| 338 |
_avolume _2rdacarrier |
||
| 504 | _aIncluye bibliografía. | ||
| 505 | 0 | _aLa cancelación de toda deuda. -Liberación de la esclavitud. -la ecología divina. -El jubileo. -Cumplimiento profetico. -El papel de la iglesia en relación con los pobres. -Dos globalizaciones contradictoriamente convergentes. -Ajustes doctrinales para la globalización neoreligiosa. -El jubileo y los sueños globales para el nuevo milenio. | |
| 526 | _aSEG42 | ||
| 526 | _aSEG41 | ||
| 526 | _aSEG40 | ||
| 526 | _aSEG39 | ||
| 526 | _aP94 | ||
| 526 | _aP87 | ||
| 526 | _aP86 | ||
| 526 | _aP85 | ||
| 526 | _aP77 | ||
| 526 | _aP76 | ||
| 526 | _aP35 | ||
| 650 | 0 | 4 | _aCulto público. |
| 942 |
_2ddc _cBOOK |
||
| 949 |
_a264 T79 _wDEWEY _c1 _i47022 _lCCODEBUL1 _mBUL _p00.00 _r0 _sY _tBOOK _u2015-06-24 _xTEOLOGIA _PP35 _0COMPRA _o.STAFF. Colección General |
||
| 596 | _a1 | ||
| 999 |
_a264 T79 _wDEWEY _c23613 _i47022 _d23613 _e2019-9-22 _f2021-11-10 _g5 _lCCODEBUL1 _mBUL _n1 _p10.00 _r0 _sY _tBOOK _u2015-6-24 _xTEOLOGIA _PP35 _0COMPRA _o.STAFF. Colección Teología |
||
| 980 |
_81 _gALBERTO SANCHEZ Responsable de Automatización |
||